| 000 | 02350nam a22003617a 4500 | ||
|---|---|---|---|
| 001 | 102884 | ||
| 003 | KnowledgeUnlatched | ||
| 005 | 20210303105050.0 | ||
| 006 | m o d | ||
| 007 | cr u|||||||||| | ||
| 008 | 210129p20142019nyu o u00| u eng d | ||
| 037 | _5BiblioBoard | ||
| 245 | 0 | 0 |
_aWeary Warriors _bPower, Knowledge, and the Invisible Wounds of Soldiers / _cPamela Moss, Michael J. Prince. |
| 020 | _a9781789201109 | ||
| 029 | 1 | _ahttps://library.biblioboard.com/ext/api/media/beaf03a7-92f4-43a5-8526-3fa5df56ee6a/assets/thumbnail.jpg | |
| 040 |
_aScCtBLL _cScCtBLL |
||
| 100 | 1 |
_aMoss, Pamela _eauthor. |
|
| 506 | 0 |
_aAccess copy available to the general public. _fUnrestricted _2star |
|
| 700 | 1 |
_aPrince, Michael J. _eauthor. |
|
| 264 | 1 | _bBerghahn Books, | |
| 300 | _a1 online resource (288 p.) | ||
| 520 | _aAs seen in military documents, medical journals, novels, films, television shows, and memoirs, soldiers' invisible wounds are not innate cracks in individual psyches that break under the stress of war. Instead, the generation of weary warriors is caught up in wider social and political networks and institutions-families, activist groups, government bureaucracies, welfare state programs-mediated through a military hierarchy, psychiatry rooted in mind-body sciences, and various cultural constructs of masculinity. This book offers a history of military psychiatry from the American Civil War to the latest Afghanistan conflict. The authors trace the effects of power and knowledge in relation to the emotional and psychological trauma that shapes soldiers' bodies, minds, and souls, developing an extensive account of the emergence, diagnosis, and treatment of soldiers' invisible wounds. | ||
| 588 | 0 | _aDescription based on print version record. | |
| 590 | _aKU Select 2018: HSS Backlist Books | ||
| 650 | 7 |
_aHistory / Military _2bisacsh |
|
| 650 | 0 | _aHistory | |
| 655 | 0 | _aElectronic books. | |
| 758 |
_iIs found in: _aKnowledge Unlatched _1https://openresearchlibrary.org/module/2774bc74-146a-484f-a7ba-ab1d6a09bbfb |
||
| 856 | 4 | 0 |
_uhttps://openresearchlibrary.org/content/beaf03a7-92f4-43a5-8526-3fa5df56ee6a _zView this content on Open Research Library. _70 |
| 999 |
_c33475 _d33475 |
||